Southville International School and Colleges
Your cart is empty.
  • Cart
  • Lists
    Public lists Eva Luna New books Lux_list list_1
    Your lists Log in to create your own lists
  • Log in to your account
  • Your cookies
  • Search history
Southville International School and Colleges
  • Advanced search
  • Recent comments
  • Most popular
  • Libraries

Log in to your account

Log in with GOOGLE


If you do not have an external account, but do have a local account, you can still log in:

  1. Home
  2. MARC view: Ice-cream cows and mitten sheep :
Normal view MARC view ISBD view

Ice-cream cows and mitten sheep : (Record no. 355860)

[ view plain ]
MARC details
000 -LEADER
fixed length control field 00573nam a2200205Ia 4500
008 - FIXED-LENGTH DATA ELEMENTS--GENERAL INFORMATION
fixed length control field 180207s9999 xx 000 0 und d
020 ## - INTERNATIONAL STANDARD BOOK NUMBER
International Standard Book Number 895656795
050 ## - LIBRARY OF CONGRESS CALL NUMBER
Item number M739 1988
100 ## - MAIN ENTRY--PERSONAL NAME
Personal name Moncure, Jane Belk
245 ## - TITLE STATEMENT
Title Ice-cream cows and mitten sheep :
245 ## - TITLE STATEMENT
Remainder of title a book about what farms make /
245 ## - TITLE STATEMENT
Statement of responsibility, etc by Jane Belk Moncure ; illustrated by Joy Friedman.
260 ## - PUBLICATION, DISTRIBUTION, ETC. (IMPRINT)
Place of publication, distribution, etc Minnesota :
260 ## - PUBLICATION, DISTRIBUTION, ETC. (IMPRINT)
Name of publisher, distributor, etc The Child's World, Inc.,
260 ## - PUBLICATION, DISTRIBUTION, ETC. (IMPRINT)
Date of publication, distribution, etc 1988
300 ## - PHYSICAL DESCRIPTION
Extent 31 pages :
300 ## - PHYSICAL DESCRIPTION
Other physical details chiefly colored ;
300 ## - PHYSICAL DESCRIPTION
Dimensions 19cm.
440 ## - SERIES STATEMENT/ADDED ENTRY--TITLE
Title Magic castle readers.
Holdings
Withdrawn status Lost status Damaged status Home library Current library Date acquired Total Checkouts Full call number Barcode Date last seen Price effective from Koha item type
      Stonyhurst Southville International School (Malarayat) Stonyhurst Southville International School (Malarayat) 02/07/2018   ER M739 1988 SSISM5405 02/07/2018 02/07/2018 Books

Ice-cream cows and mitten sheep :

APA

Moncure J. B., .Ice-cream cows and mitten sheep. Minnesota: .

Chicago

Moncure Jane Belk, .Ice-cream cows and mitten sheep. Minnesota: .

Harvard

Moncure J. B., .Ice-cream cows and mitten sheep. Minnesota: .

MLA

Moncure Jane Belk, .Minnesota: . .

  • Place hold
  • Print
  • Cite
  • Add to your cart (remove)
  • Save record
    BIBTEX Dublin Core MARCXML MARC (non-Unicode/MARC-8) MARC (Unicode/UTF-8) MARC (Unicode/UTF-8, Standard) MODS (XML) RIS
  • More searches
    Search for this title in:
    Other Libraries (WorldCat) Other Databases (Google Scholar) Online Stores (Bookfinder.com) Open Library (openlibrary.org)

Exporting to Dublin Core...

SOUTHVILLE LIBRARY

Southville International School and Colleges Library

1281 Tropical Ave. Cor. Luxembourg St., BF Homes International, Las Pinas City

Tel. No. 8256374 / 252358 Loc. 117/146

Powered by Koha